[Event "RUS-chT 12th"]
[Site "Sochi"]
[Date "2005.04.23"]
[Round "5"]
[White "Ivanchuk, Vassily"]
[Black "Malakhov, Vladimir"]
[Result "1/2-1/2"]
[WhiteElo "2739"]
[BlackElo "2670"]
[Annotator "Mikhalevski,V"]
[PlyCount "134"]
[EventDate "2005.04.19"]
[EventType "team-tourn"]
[EventRounds "11"]
[EventCountry "RUS"]
[SourceTitle "EXT 2020"]
[Source "ChessBase"]
[SourceDate "2019.10.17"]
[SourceVersion "1"]
[SourceVersionDate "2019.10.17"]
[SourceQuality "1"]
[WhiteTeam "Saransk TPS"]
[BlackTeam "Moscow Youth of"]
[WhiteTeamCountry "RUS"]
[BlackTeamCountry "RUS"]

1. e4 c5 2. Nf3 Nc6 3. d4 cxd4 4. Nxd4 g6 5. Nc3 Bg7 6. Be3 Nf6 7. Bc4 O-O 8.
Bb3 {Black plays the Accelerated Dragon, which means that he's ready to delay
d6 in order to prepare advance d5 in one move.} e6 {[%cal Gd7d5] This most
direct way to prepare d5 avoiding a waste of time for d6 is the pet line of GM
Zviagintsev.} ({The main alternative} 8... a5 {was covered in the following
recent games:} 9. O-O d6 10. Ndb5 b6 (10... Bd7 11. f3 Ne5 12. a4 Rc8 13. Qe2
Be6 $1 14. Bxe6 fxe6 15. b3 Nc6 {with mutual chances in Motylev,A-Tseshkovsky,
V/ RUS-ch 57th Moscow 2004/CBM 104[Mikhalevski,V]}) 11. Re1 Ba6 12. a4 Rc8 13.
Nd5 Nd7 14. Bg5 $5 {This novelty led to very interesting play in Nataf,
IA-Efimenko,Z, Montreal A 2004/CBM 103[Mikhalevski,V].}) (8... d6 {would
transpose to the main lines of Dragon.}) 9. Qd2 $5 {A very uncommon
continuation. I was able to find only three earlier games, all of them played
by unknown players. Ivanchuk doesn't want to check what was prepared by
Malakhov in the main lines and prefers a solid playable position. The main
question remains what had Vasily prepared on Ng4.} (9. O-O) ({and} 9. f4 {
are the main lines for White here. It's important that} Ng4 $6 {is dangerous
for Black} (9... d6 {is the move which was advocated by Black in two recent
games. See} 10. Qf3 {Macieja,B-Carlsen,M Drammen 2005/ CBM105 [Mikhalevski,V]}
({and} 10. Ndb5 Nxe4 $1 {in Nataf,IA-Zviagintsev,V, Petrosian mem Internet
2004/CBM 105 [Mikhalevski,V].})) {in view of} 10. Qxg4 $1 {Grischuk,
A-Zviasgintsev,V, Pojkovsky 2004.}) 9... d5 {A consistent continuation. In
fact this is the point of playing 8...e6.} (9... Ng4 {This way Black met 9.
Qd2 earlier.} {I believe Ivanchuk prepared the following answer:} 10. Bg5 $1
Qa5 11. Nxc6 dxc6 12. Rd1 $14 {with better play for White.}) 10. exd5 Nxd5 {
Exchanging the f6-knight Black creates additional pressure on d4.} 11. Nxd5
exd5 12. O-O $14 {[%csl Rc8][%cal Gc6d4,Gg7d4] I believe this is the position
White was striving to when he played 9.Qd2. The d5-pawn is a long-term
weakness while the c8-bishop has no good squares. Black is trying to
compensate these disadvantages by putting pressure on d4.} Be6 {The only
logical square which is available for the bishop.} (12... Na5 {[%cal Ga5c4]
with the idea Nc4 deserved attention. However there is a strategical danger to
remain with the "bad" light-squared bishop vs the strong knight on d4. F.e.
after} 13. c3 Nc4 14. Bxc4 dxc4 15. Bh6 $14 {[%csl Rc8]}) 13. Rfe1 Re8 14. Rad1
a6 {[%cal Gc6a5] Black has been preparing Na5. The text was played in order to
meet Ba4 with b5.} ({It seems that Black could also play} 14... Na5 {at once
since} 15. Ba4 Nc4 16. Qb4 Bd7 {doesn't loook dangerous for Black.}) 15. c3 {
Ivanchuk stabilizes position in the centre.} Na5 16. Bh6 $1 {Offering a useful
exchange for White.} ({Of course not} 16. Bc2 Nc4) 16... Nxb3 {Black is in a
hurry to elimiate White's light-squared bishop as he didn't like that the
bishop can retreat to c2, though I believe it wasn't necessary.} ({Retreating
to c2 is not a big deal as the knight on c4 also is a nice piece.} 16... Bf6
17. Bc2 Nc4 18. Qc1 Rc8 $14) 17. axb3 (17. Nxb3 {with the idea to trade
dark-squared bishops by means of Be3-d4 looks nice, but Black has no problem
to keep his bishop. F.e.} Bf6 18. Be3 Rc8 19. Bd4 Bg5 $1) 17... Bh8 $1 {
Certainly Black keeps the dark-squared bishop.} 18. h3 Rc8 19. Re2 Bd7 20.
Rxe8+ Qxe8 21. Re1 Qd8 22. Bg5 Qc7 23. Bf4 Qc5 24. b4 Qf8 25. Bh6 Qd6 26. Bf4
Qf8 27. Be5 $1 {Speculating to exchange of the dark-squared bishops White
forces a weakening of the position.} f6 28. Bf4 Re8 29. Rd1 {White decides to
keep at least one rook to retain chances for a win.} Qf7 {[%cal Gh8g7]} 30. Be3
{Preparing regrouping of pieces.} Bg7 31. Bh6 {White repeats the moves in
order to win some time for thinking.} Bh8 32. Be3 Bg7 33. Ne2 {[%cal Gd2d5,
Ge2f4] It's not easy to break through Black's defense, but White is trying.}
Ba4 34. Ra1 Bc6 35. Nd4 Bd7 36. Nb3 {[%cal Gb3a5] An attempt to come from the
other side, this time with the rook on a1.} g5 37. Na5 Be6 38. Re1 h6 39. Bb6 {
White has blocked the b7-pawn. What is next?} Qd7 {[%cal Gd7b5]} 40. Qd3 Bf7 {
When you're on defensive any exchange of pieces brings you near to equality
and relieves defense. Is it true also for this position. Let's wait and see.}
41. Rxe8+ Bxe8 42. Qg3 $6 {[%cal Gg3b8] White is ready to penetrate to b8.} (
42. Bd4 $1 {is stronger preparing Qg3 in a better version.}) 42... Qe6 $1 43.
Bd4 {A careful move.} ({In case of} 43. Qc7 {Black obtains counterplay by
means of} Qe1+ 44. Kh2 f5 $1 {[%cal Gg7e5]} (44... Qe5+ 45. Qxe5 fxe5 46. Nxb7
d4 {also deserves attention.}) 45. Qxb7 Be5+ 46. g3 Bxg3+ $3 (46... f4 47.
Qxd5+ Bf7 {is a resrve option.}) 47. Kxg3 $1 (47. fxg3 Qe2+ {leads to
perpetual.}) 47... Qg1+ 48. Kf3 Qh1+ $1 (48... Bh5+ 49. Ke3 f4+ 50. Kd4 Qxf2+
51. Ke5) 49. Ke3 ({After inaccurate} 49. Ke2 $4 {White gets mated} Bh5+ 50. Ke3
Qe4+ 51. Kd2 Qe2+ 52. Kc1 Qd1#) 49... Qd1 $1 {[%cal Gf5f4] A nice quiet move a
piece down. I wonder whether this was the reason for rejecting 43.Qc7.} 50. Bc7
(50. f3 f4+ 51. Kf2 Qd2+ 52. Kf1 Bb5+ 53. c4 dxc4 54. Qe4 c3+ (54... Qxb2 $5)
55. Nc4 c2 56. Qg6+ Kh8 57. Qxh6+ Kg8 58. Qxg5+ Kh7 $11 {and White has to
force a draw.}) (50. f4 Qg1+ 51. Kd2 Qg2+ 52. Ke1 Qh1+ 53. Kf2 Qh2+ {and White
can't avoid perpetual.}) 50... f4+ 51. Bxf4 Qc1+ 52. Kd4 Qxf4+ $132 {and Black
obtains counterplay thanks to the kingside pawns and the bishop while playing
on two flanks.}) 43... b6 {This is the reason for playing 42. Bd4 a move
earlier. It would prevent Qe6 and thus also b6.} 44. Nb7 {[%csl Rb6][%cal
Gb7d6]} f5 45. Qb8 $1 {The last chance.} (45. Bxg7 {allows} f4 $1 $11) 45...
Bxd4 46. cxd4 Kg7 47. Nd6 $2 {This obvious move throws the advantage away.} (
47. Nd8 $3 {was a good chance to set problems. F.e.} Qe1+ 48. Kh2 Qe4 (48...
Qxf2 $2 49. Qe5+ Kf8 50. Qf6+ Kg8 51. Ne6 $1 $18) 49. f3 Qe3 50. Qd6 (50. b5 $5
axb5 51. Qd6)) 47... Bd7 48. Qc7 f4 $1 {The knight is stuck on d6. Black is
already not worse.} 49. Kh2 h5 {[%cal Gg5g4]} 50. Nc8 Qc6 $1 {Black is ready
to give up a pawn in order to build a fortress.} 51. Qe5+ Qf6 52. Qc7 Qc6 53.
Qe5+ Qf6 54. Qxf6+ {White is trying his very last chance.} (54. Qc7 $11) 54...
Kxf6 55. Nxb6 Bc6 56. b3 {[%cal Gb6a4] The only way to bring the knight back
into play.} Kf5 {[%cal Gf5e4]} 57. f3 h4 {Black closes position.} 58. Na4 Bb5
59. Kg1 Ke6 60. Kf2 Kf6 61. Ke1 Ke6 62. Nb2 Kf6 63. Nd1 Ke6 64. Nf2 Ke7 65. Ng4
Ke6 66. Ne5 Kf6 67. Kf2 Ke6 {White can't make progress and so a draw was
agreed. A tough game!} 1/2-1/2

[Event "Drammen Smartfish Masters"]
[Site "Drammen"]
[Date "2005.01.04"]
[Round "8"]
[White "Macieja, Bartlomiej"]
[Black "Carlsen, Magnus"]
[Result "1-0"]
[WhiteElo "2613"]
[BlackElo "2581"]
[Annotator "Mikhalevski,V"]
[PlyCount "139"]
[EventDate "2004.12.27"]
[EventType "tourn"]
[EventRounds "9"]
[EventCountry "NOR"]
[EventCategory "14"]
[SourceTitle "CBM 105"]
[Source "ChessBase"]
[SourceDate "2005.04.11"]
[SourceVersion "1"]
[SourceVersionDate "2005.04.11"]
[SourceQuality "1"]

1. e4 c5 2. Nc3 Nc6 3. Nf3 g6 4. d4 cxd4 5. Nxd4 Bg7 6. Be3 Nf6 7. Bc4 O-O 8.
Bb3 e6 {This rare move is a pet-line of GM Zvjaginsev. He is the only player
to advocate the position on the GM level in the recent years.} 9. f4 d6 {
I believe Magnus had chosen this move after studying recent developments in
the 8...e6. 9...Ng4?! was almost refuted by Grischuk and so the young
Norwegian follows another recent game of Zvjaginsev.} (9... Ng4 $6 10. Qxg4 $1
{was reviewed in Nataf-Zvjaginsev,V, Petrosian mem Internet 2004. See Grischuk,
A-Zvjaginsev,V/Poikovsky RUS 2004.} (10. Bg1 {promised no advantage in view of}
e5 $1 11. Nxc6 dxc6 12. Qxd8 Rxd8 13. h3 Nf6 14. fxe5 Ne8 15. Bh2 Nc7 16. O-O
Be6 17. Rad1 Bxb3 18. axb3 Ne6 19. Bg3 {and a draw was agreed in Svidler,
P-Zvjaginsev,V/Pojkovsky 2003.})) 10. Qf3 $1 {[%cal Ge1c1] White prepares long
castle. It's clear that both players were aware of the below-mentioned game of
Zviaginsev.} (10. Ndb5 $6 {was strongly met by a very interesting tactical
blow.} Nxe4 $1 {1/2-1/2 Nataf,I-Zvjaginsev,V/ICC INT 2004/CBM105 [Mikhalevski,
V] (20)}) 10... Nxd4 11. Bxd4 Bd7 12. O-O-O ({Also a plan with the short
castle deserves attention.} 12. O-O {[%cal Ga1d1]} Bc6 13. Rad1 $14) 12... Bc6
(12... e5 $6 {is dubious in view of} 13. fxe5 Bg4 14. Qf4 dxe5 15. Bxe5 Bxd1
16. Rxd1 {[%csl Rd8,Rf6]}) 13. Be5 {White underestimates the queen sacrifice.}
({Probably he should have preffered} 13. g4 {[%cal Gg4g5]}) 13... dxe5 $1 {
A strong positioal sacrifice of the queen. Soon Black will return the e5-pawn
and obtain control over the dark squares.} ({After the passive} 13... Ne8 $6
14. Bxg7 Kxg7 15. h4 $14 {[%cal Gh4h5] White has a clear advantage.}) 14. Rxd8
Raxd8 15. fxe5 Nd7 {[%cal Gd7e5]} 16. Qe3 $1 {[%cal Ge3a7] With a modest idea
of Qxa7.} a6 $6 {A serious inaccuracy, which allows White to trade his
bad-placed knight.} ({Brave} 16... b5 $1 {[%cal Ga7a5] deserved serious
attention. For example} 17. Qxa7 b4 18. Nd1 Bxe4 {[%csl Re5,Rg2] First Black
wins back one pawn and then another and gets good counterplay. His bishops are
very strong.}) 17. Nd5 $1 {[%cal Gd5e7] This move has become possible thanks
to the last move. Now after accepting the sacrifice Black's light-squared
bishop will not be able to escape to a6.} Rfe8 $1 {Preventing Ne7+ with the
exchange of the strong light-squared bishop.} (17... exd5 18. exd5 Bb5 $2 (
18... Nxe5 $142 19. dxc6 Nxc6) 19. e6 $1 Rfe8 20. a4 $1 $18 {[%csl Rb5] and
trapping the bishop White obtains a decisive advantage.}) 18. Nf6+ ({I don't
understand why White hadn't exchanged the bishop by means of} 18. Nb4 Bb5 $140
19. a4) 18... Nxf6 19. exf6 Bxf6 {Now strong black bishops seem to compensate
White's material advantage.} 20. c3 $1 {A useful move. White takes control
over the d4-square, restricts the f6-bishop and prepares retreat of the
light-squared bishop to c2.} Rd7 21. h4 Kg7 $1 22. g4 (22. h5 {doesn't reach
the goal in view of} h6 $1 {[%csl Rc1,Re3][%cal Gf6g5]}) 22... h6 23. Rh2 {
[%cal Ge4e5]} (23. g5 {is not dangerous for Black since his bishop occupies a
nice square on e5 after} hxg5 24. hxg5 Be5 25. Qh3 $140 $4 Bf4+ 26. Kb1 Bxe4+)
23... g5 $5 {Black closes position on the kingside.} (23... Be5 {also looked
not bad.}) 24. e5 Be7 25. h5 Red8 $1 {[%cal Gd7d3] Black takes the d-file and
obtains initiative.} 26. Rh3 {[%csl Rd3]} Bb5 {[%cal Gd7d3] Black renews the
threat of Rd3.} 27. Bc2 (27. Rh1 $5 {[%cal Gh1d1] with the idea to trade a
pair of rooks looks logical.} Rd3 28. Qb6 $1 {[%csl Rb7]} Bc6 29. Rd1) 27...
Bc6 $1 {[%csl Rh3]} 28. Qe2 $1 Rd5 {[%csl Re5][%cal Ge7d8,Gd8c7,Yd8d7] Black
finds a target.} 29. Bb3 (29. Rd3 $4 {is impossible in view of} Bb5 {[%csl Rd3,
Re2]}) 29... Rc5 30. Re3 Rd7 {[%csl Re5][%cal Ge7d8,Gd8c7]} 31. Bc2 Bd8 32. Rd3
$1 {White exploits the last move in order to trade the rooks.} Rcd5 ({Now} 
32... Bb5 {is not dangerous in view of} 33. Qe3 $1 {[%csl Rc5]}) 33. Rxd5 Rxd5
{[%cal Gd8c7]} 34. Bb3 Rd7 ({Black could go on with his plan of attacking the
e5-pawn.} 34... Ra5 $1 35. Qd3 $1 Bc7 36. Bxe6 $1 Bxe5 37. Bc4 Bf4+ 38. Kc2 Re5
$44 {and Black is fine.}) 35. Bc2 Rd5 $1 36. Bb3 Rd7 37. Bc2 Bb6 $2 {Magnus is
too optimistic.} (37... Rd5 $11 {repeating the position was necessary.}) 38.
Be4 $1 {After this exchange of bishops White obtains a clear advantage.} Bd5
39. Bxd5 Rxd5 40. Qf3 $1 {[%csl Rb7,Rf7,Rh6][%cal Gc3c4,Gf3f6]} Bd8 $1 {
A sad necessity.} (40... Bc7 41. Qf6+) 41. c4 Rd7 ({I believe an active defence
} 41... Rxe5 42. Qxb7 a5 {offered more practical chances.}) 42. Kc2 a5 43. Kb3
$1 $18 {[%cal Gb3a4] White prepares Ka4 followed by advance of the queenside
pawns.} Be7 44. Qe3 {[%cal Gb3a4]} ({Also strong was} 44. Ka4 $5 b6 45. Qf2 $1)
44... Bf8 {Black can't prevent creating of a passed pawn on the queenside.} 45.
Ka4 (45. a3 $5 Rc7 46. Qd4 Rc6 47. Ka4 $18) 45... Bb4 46. a3 Bd2 47. Qb6 Be1
48. b3 {White is not in a hurry.} Bc3 49. Qe3 Bd2 50. Qc5 Be1 51. Qe3 Bd2 52.
Qf2 {[%cal Gf2f6]} Bc3 ({Also} 52... Bf4 53. Qc5 Rd3 54. Qb5 Rg3 55. Qxb7 Rxg4
56. c5 Bxe5+ 57. Kxa5 {looks hopeless for Black.}) 53. Qf6+ Kh7 54. Qf3 Bd2 55.
Qd1 Kg7 56. Kb5 Rd3 57. b4 axb4 58. axb4 Rd7 59. Qf3 Bf4 60. Qe4 Bd2 61. Qe2
Bc3 62. Qe3 Bd4 63. Qe1 Bb2 64. Kb6 Bd4+ 65. c5 Bb2 66. Ka7 {[%cal Ga7b8,Gb8c8]
} Rd3 ({Also a tougher defense} 66... Bd4 {would have been broken with} 67. Kb8
Kf8 68. Kc8 Ke8 69. Qf1 $1 {[%cal Gf1b5]} Ke7 ({or} 69... Rd8+ 70. Kxb7) 70.
Qf6+ Ke8 71. Qh8+ Ke7 72. Qxh6 Bxe5 73. Qxg5+ $18) 67. Kxb7 {The rest was
unnecessary.} Bc3 68. Qb1 Rd5 69. c6 Bxe5 70. b5 {A very nice technical win of
the ex-European Champion.} 1-0

[Event "Montreal-A 5th"]
[Site "Montreal"]
[Date "2004.08.09"]
[Round "6"]
[White "Nataf, Igor Alexandre"]
[Black "Efimenko, Zahar"]
[Result "1/2-1/2"]
[WhiteElo "2553"]
[BlackElo "2572"]
[Annotator "Mikhalevski,V"]
[PlyCount "74"]
[EventDate "2004.08.04"]
[EventType "tourn"]
[EventRounds "11"]
[EventCountry "CAN"]
[EventCategory "12"]
[SourceTitle "CBM 103"]
[Source "ChessBase"]
[SourceDate "2004.11.11"]
[SourceVersion "1"]
[SourceVersionDate "2004.11.11"]
[SourceQuality "1"]

1. e4 c5 2. Nc3 Nc6 3. Nge2 g6 4. d4 cxd4 5. Nxd4 Bg7 6. Be3 Nf6 7. Bc4 O-O 8.
Bb3 a5 {[%cal Ga5a4]} 9. O-O (9. a4 {is a possible alternative which is
usually played to prevent a4.}) 9... d6 10. Ndb5 {With his last two moves
White shows that he's not afraid of a4 which is an exchange of the a and
e-pawns. Below you can see an example of this continuation.} b6 {Malakhov's
speciality, which however didn't bring him good results so far. The idea
behind the move is to develop the light-squared bishop to a6 and thus to
provoke a4. Then Black can bring his king knight to c5 attacking the b3-bishop.
} ({Other options:} 10... a4 11. Nxa4 Nxe4 12. Qe2 Nf6 13. c4 Be6 $6 $146 14.
Rad1 Qb8 $6 15. Nb6 Ra6 16. Nd5 Rc8 17. a3 Bxd5 $2 (17... Bf5 $14) 18. cxd5 $16
{1-0 Fedorov,A-Spasov,V/Plovdiv 2003/CBM 98[Postny] (30)}) (10... Be6 11. h3
Nd7 12. Re1 Bxb3 13. axb3 Nc5 14. Qd2 b6 15. Bh6 Bxh6 16. Qxh6 Nb4 17. Re2 Qd7
18. Rd1 f6 19. f4 $36 {1-0 Anand,V-Tiviakov,S/Bastia 2001/EXT 2002 (40)}) (
10... Ng4 11. Bg5 h6 12. Bd2 Kh7 13. h3 Nge5 14. a4 f5 15. exf5 Bxf5 16. Nd5 g5
17. Ndc7 Rb8 18. Ne6 Bxe6 19. Bxe6 Rf6 20. Bb3 d5 21. Qh5 Kg8 22. f4 (22. Rad1
$5 e6 23. c4 $1) 22... gxf4 23. Rxf4 (23. Rae1 $5) 23... e6 24. Rxf6 Qxf6 25.
Rf1 Qg6 26. Qxg6 Nxg6 27. c4 Rd8 28. cxd5 exd5 29. Nc7 Rd7 $2 (29... Nge7 $1
30. Ne6 Rd6 31. Nxg7 Kxg7 $14) 30. Bxd5+ $16 {1-0 Jaracz,P-Agdestein,S/
Cappelle la Grande 2001/CBM 80 ext (57)}) 11. Re1 {[%cal Ge3g5,Gc3d5] White
prepares an agressive plan Bg5 followed by Nd5 or immediate Nd5 and thus he
needs the e4-pawn to be guarded.} ({Malakhov also faced other plans:} 11. f3
Ba6 12. Qd2 Ne5 13. a4 Rc8 14. Rfd1 Nfd7 15. Bg5 Bxb5 (15... Nc5 $5) 16. Nxb5
Nc5 17. Bd5 Qd7 18. Qe2 Nc6 19. c3 $14 {1-0 Fedorov,A-Malakhov,V/Moscow RUS
2004/The Week in Chess 486 (52). (51)}) (11. a4 Ba6 12. f4 Nd7 13. Qf3 Bxc3 14.
bxc3 Na7 15. c4 (15. Bd5 $1 Bxb5 16. axb5 Rc8 17. f5 $1) 15... Nc5 16. f5 Nc6
17. Bh6 Ne5 18. Qf4 Re8 19. h4 f6 20. fxg6 hxg6 21. Rae1 Kh7 22. Qd2 Qc8 23.
Bf4 Bb7 $15 {1-0 Zhang Zhong-Malakhov,V/Poikovsky RUS 2004/The Week in Chess
489 (43). (42)}) (11. h3 {was also tested.}) 11... Ba6 {[%cal Gf6e4]} 12. a4 {
[%csl Gb5] Protecting the b5-knight White prevents Nxe4.} Rc8 13. Nd5 Nd7 {
[%cal Gd7c5] The knight goes to c5.} ({After} 13... Nxe4 $4 14. Bxb6 {[%csl
Re4] can be seen the point of 11.Re1.}) 14. Bg5 $5 {[%cal Gb5d6] A novelty.
Nataf is not scared of exchange of his light-squared bishop as in order to do
so Black will need to weaken his pawn structure on the kingside.} ({In the
only preceding game White saved the light-squared bishop with} 14. c3 {[%cal
Gb3c2]} Nc5 15. Bc2 Re8 16. Rb1 Bxb5 17. axb5 Na7 18. Qe2 e6 19. Nf4 Qd7 20. c4
Rcd8 21. Nd3 Nc8 22. Nxc5 dxc5 23. Bg5 Ne7 24. e5 $14 {1/2-1/2 Macieja,
B-Malakhov,V/Hyderabad 2002/CBM 92 (42). (42)}) 14... h6 $5 {Now White will
have to decided what to do with the bishop.} ({Playing} 14... Nc5 $5 {Black
would have to be ready to play a position with three minor pieces vs queen and
one or two pawns with some compensation for the sacrificed queen.} 15. Na7 (15.
Nxd6 Qxd6 16. Nxe7+ Qxe7 17. Bxe7 Nxe7) 15... Nxa7 16. Nxe7+ Kh8 17. Nxg6+ fxg6
18. Bxd8 Rcxd8 $13) 15. Bh4 {White is ready to sacrifice a pawn.} ({
Sophisticated} 15. Bf4 g5 $140 (15... Bxb2 $2 16. Bxh6) 16. Bc1 {doesn't look
great, but at least doesn't give up a pawn... After} Nc5 {Black should be OK.})
15... g5 16. Bg3 Nc5 {[%cal Gc5b3] Black accomplished his idea, started on the
tenth move. Was it enough to equalize. I'm not sure. I believe Black had to
capture the b-pawn.} ({I don't see what was wrong with} 16... Bxb2 {For
instance:} 17. Rb1 ({I doubt Nataf was going to sacrifice an exchange with} 17.
h4) 17... Bg7 18. Ne3 (18. c3 $5) 18... Bxb5 19. axb5 Nd4 {and Black looks
fine.}) 17. c3 {[%csl Rd4][%cal Gb3c2]} Bxb5 18. axb5 Nxb3 19. Qxb3 Ne5 20. Ne3
{The knight goes to f5.} Rc5 $5 {[%csl Rb5][%cal Gd8d7] Black is trying to
create counterplay.} 21. Bxe5 {This moves order allows Black to chose between
Bxe5 and Rxe5.} ({Immediate} 21. Nf5 {was more precise and could lead to the
game by transposition after} Qd7 22. Bxe5 Rxe5) 21... Rxe5 (21... Bxe5 $5 22.
Nf5 Kh7 {[%cal Ge7e6] and Black is close to equality.}) 22. Nf5 Qd7 23. c4 {
The knight on f5 has more perspectives than the g7-bishop and can always be
traded if necessary. However thanks to the weakness of the c4-pawn Black can
hope for counterplay.} Rc5 $1 {[%csl Rc4] Black finds a target.} 24. Rad1 {
White moves the rook away from the a1-h8 diagonal in order to prepare defense
of the c4-square by means of Qa2 followed by b3.} ({I believe it would be
safer to play} 24. Qd3 Qe6 (24... Bxb2 $6 25. Nxh6+ Kh7 26. Nf5 $1 Bxa1 $140 $4
27. Qh3+ Kg8 28. Nh6+ Kg7 29. Qxd7 $18) 25. Nxg7 Kxg7 26. b3 Rfc8 {and I see
no real problems for Black here.}) 24... Qe6 (24... Rfc8 $5) 25. Qa2 $5 {
[%cal Gb2b3]} Rxc4 ({Also} 25... Qxc4 {deserved a serious attention. Now after}
26. Qxc4 Rxc4 27. Nxe7+ Kh7 28. Nf5 Rd8 $5 {[%csl Rb2,Rb5][%cal Gc4b4] Black
obtains a serious counterplay.}) 26. Nxe7+ Kh7 27. Nf5 $5 ({In case of} 27. Nd5
$6 Rxe4 28. Rxe4 Qxe4 29. Nxb6 Qe2 $1 {[%csl Rb5,Rd1]} 30. Qb1+ Kg8 31. Rxd6
Qxb5 32. Nd5 Re8 $1 {[%csl Rb2] White loses a pawn.}) 27... Rxe4 {Black forces
a draw.} ({Instead he could fight for advantage by means of} 27... Rb4 $1 28.
Qb1 ({In case of} 28. Qxe6 fxe6 29. Nxg7 Kxg7 30. Rxd6 Rxb2 {[%csl Rb5,Rf2]
White has to fight for a draw and even then the draw is not guaranteed.}) 28...
Be5 $1 {[%csl Rb2,Rb5]}) 28. Qxe6 Rxe6 29. Rxe6 fxe6 30. Nxg7 Kxg7 31. Rxd6 {
As a result of massive exchanges we see a drawish position which is proved by
a number of precise move.} Rc8 $1 32. g3 (32. Rc6 Rd8 {changes nothing.}) 32...
Kf6 $1 33. Rxb6 Rc4 $1 {[%cal Gc4b4] The rook will attack the b5-pawn from
behind.} 34. Ra6 a4 $1 $11 35. b6 Rb4 36. Kg2 Rxb2 37. Rxa4 Rxb6 {An
interesting fighting draw.} 1/2-1/2